00399nam a22001337a 4500008004100000040005500041080001400096100001500110245004900125260004400174300001600218650001200234653001900246230518b |||||||| |||| 00| 0 eng d aNational Science LibrarycNational Science Library a576.3bM51 aKumar, H D aTextbook of cytology, genetics and evolution aNew Delhi: bKalyani Publishers, c1985 aviii, 288p. aScience aCell structure